Il bacio della medusa /

Saved in:
Bibliografiske detaljer
Hovedforfatter: Mazzucco, Melania G. (Author)
Format: Bog
Sprog:italiensk
Udgivet: Milano : Baldini & Castoldi, \1996!
Serier:Romanzi e racconti ; 45
Tags: Tilføj Tag
Ingen Tags, Vær først til at tagge denne postø!

MARC

LEADER 00000nam a2200000 i 4500
001 IT\ICCU\UM1\0002113
003 ItRI
005 20260115231938.0
008 960122s1996 it |||||| ||||| |||||c
015 |2 IT  |a 96-10309 
020 |a 8880890921 
040 |b ita  |c importazione bologna sebina 
041 7 |a ita  |2 ISO-639-2 
082 |a 853.92  |9 NARRATIVA ITALIANA, 2000-  |2 21 
100 1 |a Mazzucco, Melania G.  |0 IT\ICCU\LO1V\152069  |4 aut 
240 1 3 |a Il bacio della medusa  |3 IT\ICCU\TSA\1546422  |9 Mazzucco, Melania G. 
245 1 3 |a Il bacio della medusa /  |c Melania G. Mazzucco. 
260 |a Milano :  |b Baldini & Castoldi,  |c \1996! 
300 |a 507 p. ;  |c 23 cm. 
790 1 |a Mazzucco, Melania Gaia  |3 IT\ICCU\CFIV\171384  |z Mazzucco, Melania G. 
790 1 |a Mazzucco, Melania  |3 IT\ICCU\SBNV\030624  |z Mazzucco, Melania G. 
830 0 |a Romanzi e racconti ;  |v 45  |0 IT\ICCU\RAV\0187056 
942 |2 ddc  |c BK  |n 0 
952 |0 0  |1 0  |4 0  |6 L_853_914000000000000_MAZ  |7 0  |9 17416  |a BO  |b BO  |d 2026-01-15  |i 19940  |l 0  |o L 853.914 MAZ  |p BO19940  |r 2026-01-15 23:19:38  |w 2026-01-15  |x [Sebina 5] [1 v.]  |y BK  |z 1 v. 
999 |c 14859  |d 14859